000 01478nam a2200325 a 4500
001
003 DO-SdBNP
005 20220316095334.0
008 130604s2013 dr ac 000 0 spa d
020 _a9789945074833
040 _aDO-SdBNP
_bspa
_cBPMSU
082 _a923.27293
_bD812H 2013
_222
245 0 0 _aVisión de Hostos sobre Duarte :
_ba propósito del bicentenario del natalicio de Juan Pablo Duarte (1813-2013) /
_ccompilado y editado por Miguel Collado.
260 _aSanto Domingo :
_bArchivo General de la Nación,
_c2013.
300 _a101 p. :
_bil., retrs. ;
_c22 cm.
490 0 _aPublicaciones del Archivo General de la Nación,
_v178
500 _aIncluye datos biográficos del editor en la solapa de la contracubierta
500 _aIncluye referencias bibliográficas y notas al pie de las páginas
504 _aBibliografía : p. 79-88
505 0 _aPrefacio --
_tDuarte --
_tEl Municipio de Santo Domingo --
_tDuarte y Sánchez como ejemplos de patriotismo infortunado --
_tSánchez-Mella --
_tLa asamblea del 27 --
_tApéndices.
590 _aInventariado, 2022/VM
600 1 0 _aDuarte, Juan Pablo,
_d1813-1876
600 1 4 _aHostoos Eugenio, María de
_d1839-1903
_95
651 4 _aRepública Dominicana
_xHistoria
_y1844-1930
651 4 _aRepública Dominicana
_vBiografías
700 1 _aCollado, Miguel A.,
_d1954-
_ecompilador
710 2 _aArchivo General de la Nación (República Dominicana)
910 _a VMateo V.
942 _2ddc
_cBK
999 _c14085
_d14085